| 000 | 00711nam a22002057a 4500 | ||
|---|---|---|---|
| 999 |
_c159797 _d159797 |
||
| 005 | 20190105153753.0 | ||
| 010 | _aB-713047 | ||
| 020 |
_a9780141363967 _c399.00 |
||
| 035 | _aB-713047 | ||
| 037 | _bRK Books | ||
| 082 | _aN | ||
| 100 | _aRiordan, Rick | ||
| 245 |
_aThe trials of apollo: _cby Rick Riordan _bthe dark prophecy / |
||
| 260 |
_aGurgaon _bPuffin Books _c2017 |
||
| 270 |
_aPenguin Random House Children's 80 Strand _bLondon _eWC2R |
||
| 300 |
_a414p. _c20cm(pbk) |
||
| 490 | _aThe percy jackson series | ||
| 942 |
_2ddc _cEN _mRIO _hN |
||